| 000 | 00715nam a2200169Ia 4500 | ||
|---|---|---|---|
| 008 | 090711s9999 xx 000 0 und d | ||
| 082 | _b60927 | ||
| 100 | _aकामत अशोक / घाणेकर प्र. के. | ||
| 245 | _aकोकणSाा मानबिंदू सिंधुदुर्ग | ||
| 260 | _c1985 | ||
| 300 | _a22 | ||
| 600 | _aकामत अशोक / घाणेकर प्र. के. | ||
| 630 | _aकोकणSाा मानबिंदू सिंधुदुर्ग | ||
| 700 | _aकामत अशोक / घाणेकर प्र. के. | ||
| 730 | _aकोकणSाा मानबिंदू सिंधुदुर्ग | ||
| 942 | _cBOOK | ||
| 999 |
_c331741 _d331741 |
||